Computational fluid dynamics (Record no. 5417)

000 -LEADER
fixed length control field 00558nam a22002054a 4500
001 - CONTROL NUMBER
control field 5417
003 - CONTROL NUMBER IDENTIFIER
control field BD-DhUET
008 - FIXED-LENGTH DATA ELEMENTS--GENERAL INFORMATION
fixed length control field 001218s2002 enka b 001 0 eng
020 ## - INTERNATIONAL STANDARD BOOK NUMBER
International Standard Book Number 0521594162
040 ## - CATALOGING SOURCE
Original cataloging agency DLC
Transcribing agency DLC
Modifying agency BD-DhUET
082 00 - DEWEY DECIMAL CLASSIFICATION NUMBER
Classification number 532.050285
Item number CHU/2002
100 ## - MAIN ENTRY--PERSONAL NAME
Personal name Chung, T. J.
245 10 - TITLE STATEMENT
Title Computational fluid dynamics
250 ## - EDITION STATEMENT
Edition statement 1st ed.
260 ## - PUBLICATION, DISTRIBUTION, ETC. (IMPRINT)
Place of publication, distribution, etc. New York
Name of publisher, distributor, etc. Cambridge University Press
Date of publication, distribution, etc. 2002
300 ## - PHYSICAL DESCRIPTION
Extent xxiii, 1012 p.
Other physical details ill.
Dimensions 26 cm.
504 ## - BIBLIOGRAPHY, ETC. NOTE
Bibliography, etc Includes bibliographies
650 #0 - SUBJECT ADDED ENTRY--TOPICAL TERM
Topical term or geographic name as entry element Fluid dynamics - Data processing
942 ## - ADDED ENTRY ELEMENTS (KOHA)
Koha item type General Book
Holdings
Koha full call number Koha normalized classification for sorting Damaged status Date acquired Piece designation (barcode) Price effective from Lost status Not for loan Source of classification or shelving scheme Koha date last seen Location (home branch) Sublocation or collection (holding branch) Koha item type Shelving location Copy number Withdrawn status
532.050285/CHU/2002532_000000000000000_050285CHU2 2014-11-261036362014-11-26   2017-10-11Central Library, BUETCentral Library, BUETGeneral BookCirculation section1 
532.050285/CHU/2002532_050285000000000_CHU_2002 2015-06-221012132015-06-22   2015-06-22Central Library, BUETCentral Library, BUETReading ItemReading section2 
532.050285/CHU/2002532_050285000000000_CHU_2002 2015-08-241026252015-08-24   2022-04-24Central Library, BUETCentral Library, BUETGeneral BookCirculation section3 
532.050285/CHU/2002532_050285000000000_CHU_2002 2007-05-271036372018-05-07   2018-05-07Central Library, BUETCentral Library, BUETGeneral BookCirculation section4